| 000 | 00821nam a2200229 a 4500 | ||
|---|---|---|---|
| 001 | BRCA_5217 | ||
| 005 | 20190320205004.0 | ||
| 008 | 261110s1955----nyua######---#000-0#eng-# | ||
| 020 | _a486201627 | ||
| 041 | _aeng | ||
| 044 | _anyu | ||
| 050 | 4 |
_aAZ108 _b.K63 1955 |
|
| 100 | 1 |
_aKoch, Rudolf _913359 |
|
| 245 | 1 | 0 |
_aThe book of sings _bwhich contains all manner of symbols used from the earliest times to the middle ages by primitive peoples and early christians _ccollected, drawn and explained by Rudolf Koch ; translated from the German by Dybyan Holland. |
| 260 |
_aNueva York _bDover _c1955 |
||
| 300 |
_a104 p. _bil. _c24 cm. |
||
| 500 | _aDonación Dr. Héctor Rivero Borrell Vázquez | ||
| 650 | 1 | 4 |
_aSignos y simbolos _913360 |
| 700 | 1 |
_aHolland, Dybyan _eTraductor _913361 |
|
| 902 | _aDHR | ||
| 942 |
_2lcc _cB |
||
| 999 |
_c4911 _d4911 |
||